1503 1249 1153 1712 1449 1300 1326 1096 1747 1315 1061 1324 1760 1860 1378 1503 1878 1945 1432 1600 1281 1709 1367 1769 1088 1596 1131 1100 1562 1613 1215 1822 1868 1123 1421 1181 1623 1310 1695 1102 1164 1934 1618 1186 1994 1120 1916 1302 1708 1083 1148 1832 1154 1761 1220 1633 1561 1680 1600 1359 1667 1804 1421 1365 1531 1258 1715 1451 1231 1718 1073 1837 1918 1813 1384 1111 1651 1632 1020 1201 1447 1232 1550 1030 1895 1233 1100 1603 1587 1535 1588 1020 1562 1312 1651 1135 1974 1259 1050 BCNSPRNW ULIB Ver.6.0+V

เปลี่ยนเป็นภาษาไทย

Change to English
 แสดงรายละเอียดบรรณานุกรม
  กลับหน้าหลัก

Brief Record : Get Marc (ISO 2709) : E-mail record : QR code < ปิดหน้าต่าง
LEADER : 00000nam 2200000uu 4500
001    13399124223
003     ULIB
008    150202s2003||||th 000 0 tha d
020    9780439567619
099    นง.^bR884H
100 0  Rowling, J.K.
245 00 Harry Potter and the order or the phoenix/^cRowling, J.K.
260    New York:^bArthur A Levene book,^c2003
300    870 page
945    ^p0^l0^i021844
999    ^aเกษร โพธิ์สุวรรณ
รายการนี้ยังไม่มีแท็ก
คุณยังไม่ได้ล็อกอิน คุณสามารถมีกิจกรรมร่วมกับเว็บไซต์ได้ แต่ต้องล็อกอินก่อน ::
  ล็อกอิน

รายการสื่อสารสนเทศ

ลำดับที่ ประเภท เลขเรียก/บาร์โค้ด สถานที่ สถานะ
1. นวนิยาย
นวนิยาย
นง. R884H ฉ.1 
  Barcode: 021844
ห้องสมุดวิทยาเขตนครสวรรค์
►นวนิยาย:l:Fiction
บนชั้น

BibComment


ยังไม่เคยถูกคอมเมนท์

คอมเมนท์ทรัพยากรรายการนี้
  คอมเมนท์: Harry Potter and ..


 Copyright 2026. Bcnsprnw @Library